Cinéma en images par lettres - M - #1 - Statistiques

Statistiques générales
  • Ce quiz a été pris 236 fois
  • Le résultat moyen est 12 sur 24
Statistiques - réponses
Par images Hint Réponse % Correct
Actrice Marilyn Monroe
96%
Franchise Men in Black
89%
Acteur Kad Merad
88%
Film Monstres & Cie.
86%
Film The Mask
84%
Film La Môme
83%
Franchise Mission : Impossible
79%
Personnage Marty McFly
77%
Acteur Cillian Murphy
75%
Métier Monteur
55%
Film La Marche de l'Empereur
50%
Studio Metro-Goldwyn-Mayer
43%
Personnage Michael Myers
38%
Film La Mort aux trousses
36%
Film Manon des sources
36%
Film Metropolis
36%
Actrice Maïwenn
35%
Acteur Steve McQueen
28%
Acteur Jean Marais
25%
Film Mulholland Drive
24%
Réalisateur Georges Méliès
15%
Compositeur Ennio Morricone
12%
Actrice Frances McDormand
12%
Technique Matte painting
3%
Aucun quiz correspondant
Distribution des résultats
% des personnes avec chaque résultat
Percentile par nombre de réponses
Votre historique - résultats
Vous n’avez pas pris ce quiz